[Event "Transcendent Classic II"]
[Site "SchemingMind.com"]
[Date "2014.07.01"]
[Round "-"]
[White "black cloud"]
[Black "alexyongpohweng"]
[Result "1-0"]
[WhiteCountry "ENG"]
[BlackCountry "MAS"]
[WhiteElo "1915"]
[WhiteRD "90"]
[BlackElo "1102"]
[BlackRD "55"]
[GameID "360593"]

1. Nf3 d5 2. g3 e6 3. Bg2 Nf6 4. O-O g6 5. d3 Bg7 6. Nbd2 O-O 7. e4 dxe4 8. dxe4 Nc6 9. Qe2 Nb4 10. Nc4 c6
11. Rd1 Bd7 12. a3 Na6 13. Bg5 Qc7 14. Qd2
1-0

[Event "Transcendent Classic II"]
[Site "SchemingMind.com"]
[Date "2014.07.01"]
[Round "-"]
[White "emvarela"]
[Black "black cloud"]
[Result "1/2-1/2"]
[WhiteCountry "ARG"]
[BlackCountry "ENG"]
[WhiteElo "1700"]
[WhiteRD "51"]
[BlackElo "1912"]
[BlackRD "86"]
[GameID "360594"]

1. e4 e5 2. Nf3 Nc6 3. Bb5 a6 4. Bxc6 dxc6 5. O-O Bd6 6. d4 exd4 7. Qxd4 f6 8. e5 fxe5 9. Nxe5 Qf6 10. Re1 Ne7
11. Nf3 Qxd4 12. Nxd4 O-O 13. Nc3 Nf5 14. Nxf5 Bxf5 15. Re2 Rae8 16. Be3 Bg6 17. a3 Re7 18. Rae1 Rfe8 19. h3 Bf7 20. Bg5 Rxe2
21. Rxe2 Rxe2 22. Nxe2 Bg6 23. c3 Bd3 24. Nc1=
1/2-1/2

[Event "Transcendent Classic II"]
[Site "SchemingMind.com"]
[Date "2014.07.02"]
[Round "-"]
[White "black cloud"]
[Black "emvarela"]
[Result "1-0"]
[WhiteCountry "ENG"]
[BlackCountry "ARG"]
[WhiteElo "1915"]
[WhiteRD "90"]
[BlackElo "1627"]
[BlackRD "46"]
[GameID "360595"]

1. Nf3 Nf6 2. g3 g6 3. Bg2 Bg7 4. O-O O-O 5. c4 c5 6. Nc3 Nc6 7. d3 d6 8. Rb1 a6 9. a3 Bd7 10. b4 cxb4
11. axb4
1-0

[Event "Transcendent Classic II"]
[Site "SchemingMind.com"]
[Date "2014.07.01"]
[Round "-"]
[White "Scooter"]
[Black "black cloud"]
[Result "0-1"]
[WhiteCountry "USA"]
[BlackCountry "ENG"]
[WhiteElo "1752"]
[WhiteRD "44"]
[BlackElo "1915"]
[BlackRD "90"]
[GameID "360596"]

1. d4 d5 2. Nf3 Bf5 3. Bf4 c6 4. e3 Qb6 5. b3 e6 6. Bd3 Bxd3 7. Qxd3 Nd7 8. O-O Ngf6 9. Nbd2 Be7 10. c4 O-O
11. Ne5 Nxe5 12. Bxe5 Nd7 13. Bf4 Nf6 14. c5 Qd8 15. b4 Nh5 16. Nf3 Nxf4 17. exf4 h6 18. Rfe1 Bf6 19. Ne5 Bxe5 20. Rxe5 a5
21. Qc3 b5 22. bxa5 Qxa5 23. Qxa5 Rxa5 24. f5 exf5 25. Rxf5 Re8 26. Re5 Rxe5 27. dxe5 Ra4 28. g3 Rc4 29. Kf1 Rxc5 30. Ke1 d4
31. f4 Rd5 32. Kd2 c5 33. a3 c4 34. Rb1 g5 35. Rb4 gxf4 36. gxf4 Kg7 37. a4 c3+
0-1

[Event "Transcendent Classic II"]
[Site "SchemingMind.com"]
[Date "2014.07.01"]
[Round "-"]
[White "black cloud"]
[Black "Scooter"]
[Result "1-0"]
[WhiteCountry "ENG"]
[BlackCountry "USA"]
[WhiteElo "1923"]
[WhiteRD "87"]
[BlackElo "1761"]
[BlackRD "48"]
[GameID "360597"]

1. Nf3 Nf6 2. g3 g6 3. Bg2 Bg7 4. d3 O-O 5. O-O d6 6. e4 Bg4 7. Nbd2 e5 8. h3 Bxf3 9. Nxf3 Nbd7 10. Be3 Re8
11. c3 c6 12. Qc2 d5 13. Nd2 dxe4 14. dxe4 Qc7 15. a4 Rad8 16. Nc4 b6 17. Rad1 c5 18. Qc1 Nb8 19. Bg5 Nc6 20. Ne3 Rxd1
21. Rxd1 Rd8 22. Bxf6 Rxd1+ 23. Qxd1 Bxf6 24. Nd5 Qd8 25. Qd3 Kg7 26. Qb5 Qd6 27. b4 cxb4 28. cxb4 Be7 29. Nxe7 Nxe7 30. a5 bxa5
31. bxa5 f6 32. Qb7 Qc5 33. a6 Kh6 34. Bf1 Nc6 35. Qf7 Qd6 36. Kg2 Nd4 37. Qxa7 Qa3 38. Qb7 Qf3+ 39. Kg1 Qd1 40. a7 Nf3+
41. Kg2 Ne1+ 42. Kh1 Qf3+ 43. Kg1 Qd1 44. a8=Q Nf3+ 45. Kg2 Ne1+ 46. Kh1 Nd3 47. Kg1
1-0

[Event "Transcendent Classic II"]
[Site "SchemingMind.com"]
[Date "2014.07.02"]
[Round "-"]
[White "black cloud"]
[Black "Transcendent"]
[Result "1-0"]
[WhiteCountry "ENG"]
[BlackCountry "ENG"]
[WhiteElo "1916"]
[WhiteRD "90"]
[BlackElo "1589"]
[BlackRD "69"]
[GameID "360598"]

1. Nf3 d5 2. g3 c5 3. Bg2 Nc6 4. O-O Nf6 5. d3 e6 6. Nbd2 Bd6 7. e4 O-O 8. Re1 Be7 9. e5 Nd7 10. Nf1 Qc7
11. Qe2 b5 12. Bf4 a5 13. h4 b4 14. a3 Ba6 15. Ne3 Rab8 16. Nxd5 Qd8 17. Nxe7+ Nxe7 18. Ng5 Nf5 19. Ne4 Nd4 20. Qd2 Nb6
21. Nxc5 Bb5 22. Ne4 Nc8 23. axb4 axb4 24. Qd1 Bc6 25. Rc1 Bxe4 26. Bxe4 Ne7 27. Qg4 g6 28. h5 Nef5 29. c3 bxc3 30. bxc3 Nb3
31. Rcd1 Qd7 32. d4 Rb6 33. Kg2 Rfb8 34. hxg6 fxg6 35. d5 Kg7 36. Bg5 Nc5 37. Bf6+ Kf7 38. dxe6+
1-0

[Event "Transcendent Classic II"]
[Site "SchemingMind.com"]
[Date "2014.07.01"]
[Round "-"]
[White "Transcendent"]
[Black "black cloud"]
[Result "0-1"]
[WhiteCountry "ENG"]
[BlackCountry "ENG"]
[WhiteElo "1575"]
[WhiteRD "72"]
[BlackElo "1912"]
[BlackRD "86"]
[GameID "360599"]

1. d4 d5 2. c4 Bf5 3. Nc3 e6 4. cxd5 exd5 5. Qb3 Nc6 6. Qxd5 Nxd4 7. e4 Nc2+ 8. Ke2 Bg4+ 9. f3 Be6 10. Qb5+ c6
11. Qxb7 Rb8 12. Qxc6+ Bd7 13. Qd5 Nxa1 14. Qe5+ Ne7 15. Nd5 f6 16. Qh5+ g6 17. Nxf6+ Kf7 18. Qe5 Bg7 19. Bg5 Bb5+ 20. Kf2 Bxf1
21. Kxf1 Qd1+ 22. Kf2 Nc2 23. Ne2 Qxh1
0-1

[Event "Transcendent Classic II"]
[Site "SchemingMind.com"]
[Date "2014.07.01"]
[Round "-"]
[White "black cloud"]
[Black "ray winteringham"]
[Result "1-0"]
[WhiteCountry "ENG"]
[BlackCountry "ENG"]
[WhiteElo "1917"]
[WhiteRD "85"]
[BlackElo "1516"]
[BlackRD "51"]
[GameID "360600"]

1. Nf3 d5 2. g3 Nc6 3. Bg2 Bf5 4. d3 e6 5. O-O Bd6 6. Nbd2 Nf6 7. Re1 O-O 8. e4 dxe4 9. dxe4 Bg4 10. h3 Bh5
11. c3 Ne5 12. Qb3 b6 13. Nxe5 Bxe5 14. Nc4 Bd6 15. e5 Bxe5 16. Nxe5 Rb8 17. Nc6
1-0

[Event "Transcendent Classic II"]
[Site "SchemingMind.com"]
[Date "2014.07.01"]
[Round "-"]
[White "ray winteringham"]
[Black "black cloud"]
[Result "0-1"]
[WhiteCountry "ENG"]
[BlackCountry "ENG"]
[WhiteElo "1522"]
[WhiteRD "52"]
[BlackElo "1915"]
[BlackRD "90"]
[GameID "360601"]

1. e4 e5 2. Nf3 Nc6 3. Bc4 Nf6 4. d3 Be7 5. Nc3 d6 6. O-O Bg4 7. h3 Bh5 8. Be3 O-O 9. g4 Bg6 10. Ne2 Na5
11. Bb3 Nxb3 12. axb3 a6 13. Ng3 Re8 14. c3 Qd7 15. Nh2 Bf8 16. f4 exf4 17. Bxf4 Qc6 18. c4 b5 19. Nf3 bxc4 20. bxc4 Qb6+
21. Kh1 Qxb2 22. Rb1 Qa3 23. Nd4 Qc5 24. Be3 a5 25. Ra1 d5 26. Qe2 dxc4 27. dxc4 Nxe4 28. Nxe4 Bxe4+ 29. Nf3 Bxf3+ 30. Qxf3 Qxc4
31. Rac1 Qb3 32. Rxc7 f6 33. Re1 a4 34. Kg2 a3 35. Rcc1 a2 36. Bd4 Qxf3+ 37. Kxf3 Rxe1 38. Rxe1 Ra3+ 39. Kg2 Bd6
0-1

[Event "Transcendent Classic II"]
[Site "SchemingMind.com"]
[Date "2014.07.01"]
[Round "-"]
[White "black cloud"]
[Black "Chessibelle"]
[Result "1-0"]
[WhiteCountry "ENG"]
[BlackCountry "ENG"]
[WhiteElo "1915"]
[WhiteRD "90"]
[BlackElo "1241"]
[BlackRD "62"]
[GameID "360602"]

1. Nf3 Nc6 2. e4 e5 3. d4 Bd6 4. dxe5 Nxe5 5. Nxe5 Bxe5 6. f4 Bd6 7. Bc4 Nf6 8. e5 Qe7 9. Qe2 Bb4+ 10. c3 Bc5
11. exf6 gxf6 12. Qxe7+ Bxe7 13. Be3 b6 14. Bd5 Rb8 15. Nd2 f5 16. Nf3 c6 17. Bb3 d5 18. O-O-O Ba6 19. Ne5 O-O 20. Nxc6 Rbe8
21. Rhe1 Bb5 22. Nd4 Bd7 23. Bxd5 Rd8 24. Bb3 Bc8 25. Bf2 Bd6 26. g3 a6 27. Bc2 Bb7 28. Nxf5 Bc7 29. Bd4 f6 30. Re7 Kh8
31. Rxc7 Bf3 32. Nh6 Rfe8 33. Rxh7#
1-0

[Event "Transcendent Classic II"]
[Site "SchemingMind.com"]
[Date "2014.07.01"]
[Round "-"]
[White "Chessibelle"]
[Black "black cloud"]
[Result "0-1"]
[WhiteCountry "ENG"]
[BlackCountry "ENG"]
[WhiteElo "1244"]
[WhiteRD "60"]
[BlackElo "1917"]
[BlackRD "85"]
[GameID "360603"]

1. Nf3 d5 2. d4 Bf5 3. Nc3 e6 4. e3 a6 5. a3 c5 6. Bd2 Nc6 7. Na4 cxd4 8. exd4 Rc8 9. Nc5 Nf6 10. Nxb7 Qb6
11. Nc5 Nxd4 12. c3 Nc2+ 13. Ke2 Qb5+
0-1

[Event "Transcendent Classic II"]
[Site "SchemingMind.com"]
[Date "2014.06.29"]
[Round "-"]
[White "alexyongpohweng"]
[Black "Brian Pott"]
[Result "0-1"]
[WhiteCountry "MAS"]
[BlackCountry "AUS"]
[WhiteElo "1240"]
[WhiteRD "45"]
[BlackElo "2219"]
[BlackRD "71"]
[GameID "360644"]

1. e4 e5 2. Qh5 Nc6 3. Bc4 g6 4. Qf3 Nf6 5. Nc3 Nd4 6. Qd1 c6 7. a3 Bg7 8. Nce2 Nxe4 9. Nxd4 exd4 10. Qf3 O-O
11. Ne2 d5 12. Ba2 h5 13. d3 Bg4 14. Qf4 g5
0-1

[Event "Transcendent Classic II"]
[Site "SchemingMind.com"]
[Date "2014.06.29"]
[Round "-"]
[White "Brian Pott"]
[Black "alexyongpohweng"]
[Result "1-0"]
[WhiteCountry "AUS"]
[BlackCountry "MAS"]
[WhiteElo "2219"]
[WhiteRD "71"]
[BlackElo "1240"]
[BlackRD "45"]
[GameID "360645"]

1. e4 e5 2. Nf3 d6 3. d4 exd4 4. Nxd4 Nf6 5. Nc3 Be7 6. Be2 O-O 7. O-O c5 8. Nf3 b5 9. Bxb5 Ba6 10. Bxa6 Nxa6
11. a3 Qb6 12. Qd3 Qc6 13. Bg5 h6 14. Nd5 hxg5 15. Nxe7+
1-0

[Event "Transcendent Classic II"]
[Site "SchemingMind.com"]
[Date "2014.06.29"]
[Round "-"]
[White "emvarela"]
[Black "Brian Pott"]
[Result "0-1"]
[WhiteCountry "ARG"]
[BlackCountry "AUS"]
[WhiteElo "1686"]
[WhiteRD "48"]
[BlackElo "2198"]
[BlackRD "78"]
[GameID "360646"]

1. e4 e5 2. Nf3 Nc6 3. Bb5 a6 4. Bxc6 dxc6 5. O-O f6 6. d4 Bg4 7. dxe5 Qxd1 8. Rxd1 fxe5 9. Rd3 Bd6 10. h3 Bh5
11. g4 Bg6 12. Nc3 Nf6 13. Re3 O-O 14. Nd2 Bc5 15. Rd3 b5 16. Kg2 b4 17. Ne2 Nxe4 18. f3 Nd6 19. Rxd6 cxd6 20. c3 a5
21. cxb4 axb4 22. Nc4 Bd3
0-1

[Event "Transcendent Classic II"]
[Site "SchemingMind.com"]
[Date "2014.06.28"]
[Round "-"]
[White "Brian Pott"]
[Black "emvarela"]
[Result "1-0"]
[WhiteCountry "AUS"]
[BlackCountry "ARG"]
[WhiteElo "2198"]
[WhiteRD "78"]
[BlackElo "1686"]
[BlackRD "48"]
[GameID "360647"]

1. e4 e5 2. Nf3 Nc6 3. Bc4 Bc5 4. b4 Bb6 5. a4 a6 6. Nc3 Nf6 7. O-O d6 8. Nd5 Nxd5 9. exd5 Ne7 10. a5 Ba7
11. d4 exd4 12. Nxd4 Bxd4 13. Qxd4 O-O 14. Bb2 Nf5 15. Qc3 f6 16. Rfe1 Bd7 17. Qf3 Nh6 18. h3 Bb5 19. Bxb5 axb5 20. Re6 Nf7
21. Qe2 Re8 22. Qxb5 Rxe6 23. dxe6 Ne5 24. Bxe5 dxe5 25. Qxb7 Rb8 26. e7 Qc8 27. Qd5+
1-0

[Event "Transcendent Classic II"]
[Site "SchemingMind.com"]
[Date "2014.06.28"]
[Round "-"]
[White "Scooter"]
[Black "Brian Pott"]
[Result "0-1"]
[WhiteCountry "USA"]
[BlackCountry "AUS"]
[WhiteElo "1759"]
[WhiteRD "45"]
[BlackElo "2227"]
[BlackRD "74"]
[GameID "360648"]

1. d4 Nf6 2. Nf3 g6 3. Bf4 Bg7 4. e3 O-O 5. Be2 d6 6. O-O Nbd7 7. h3 b6 8. Nbd2 Bb7 9. c4 c5 10. d5 Nh5
11. Bh2 Bxb2 12. Rb1 Bg7 13. a4 Nhf6 14. a5 Rb8 15. axb6 axb6 16. Qc2 Ra8 17. Ne4 Nxe4 18. Qxe4 Ra2 19. Qd3 Qc7 20. Bd1 Ra5
21. e4 Ba6 22. Nd2 Rb8 23. Nb3 Ra3 24. Qc2 b5 25. cxb5 Bxb5
0-1

[Event "Transcendent Classic II"]
[Site "SchemingMind.com"]
[Date "2014.06.28"]
[Round "-"]
[White "Brian Pott"]
[Black "Scooter"]
[Result "1-0"]
[WhiteCountry "AUS"]
[BlackCountry "USA"]
[WhiteElo "2219"]
[WhiteRD "71"]
[BlackElo "1774"]
[BlackRD "48"]
[GameID "360649"]

1. e4 c6 2. d4 d5 3. e5 Bf5 4. Nf3 e6 5. Be2 Nd7 6. O-O c5 7. c3 cxd4 8. cxd4 Bb4 9. a3 Ba5 10. b4 Bc7
11. Nc3 a6 12. Bg5 Ne7 13. Nh4 h6 14. Bxe7 Qxe7 15. Nxf5 exf5 16. Nxd5 Qd8 17. Qc2
1-0

[Event "Transcendent Classic II"]
[Site "SchemingMind.com"]
[Date "2014.07.01"]
[Round "-"]
[White "black cloud"]
[Black "Brian Pott"]
[Result "0-1"]
[WhiteCountry "ENG"]
[BlackCountry "AUS"]
[WhiteElo "1923"]
[WhiteRD "87"]
[BlackElo "2198"]
[BlackRD "78"]
[GameID "360650"]

1. Nf3 Nf6 2. g3 g6 3. Bg2 Bg7 4. O-O O-O 5. d3 c5 6. e4 d6 7. c3 Nc6 8. Re1 e5 9. a3 a5 10. a4 h6
11. Na3 Re8 12. h3 Be6 13. Be3 Qe7 14. Qc2 Rad8 15. Rad1 Qd7 16. Kh2 Qe7 17. Nb5 Rf8 18. d4 exd4 19. cxd4 Nb4 20. Qb1 Bb3
21. dxc5 dxc5 22. Rxd8 Rxd8 23. Nc3 Bc2 24. Qa1 Bxe4 25. Nxe4 Nxe4 26. Rd1 Nd3 27. Qb1 Nexf2 28. Bxf2 Nxf2 29. Rxd8+ Qxd8 30. Qc2 Bd4
31. Nd2 b6 32. b3 h5 33. Ne4 Nd3 34. Qd2 Kg7 35. Kh1 Nb4 36. Bf1 Qd5
0-1

[Event "Transcendent Classic II"]
[Site "SchemingMind.com"]
[Date "2014.07.01"]
[Round "-"]
[White "Brian Pott"]
[Black "black cloud"]
[Result "1-0"]
[WhiteCountry "AUS"]
[BlackCountry "ENG"]
[WhiteElo "2198"]
[WhiteRD "78"]
[BlackElo "1923"]
[BlackRD "87"]
[GameID "360651"]

1. e4 e5 2. Nf3 Nc6 3. Bb5 a6 4. Ba4 Nf6 5. O-O Be7 6. Re1 b5 7. Bb3 d6 8. c3 O-O 9. h3 Bb7 10. d4 Re8
11. Nbd2 Bf8 12. d5 Nb8 13. Nf1 Nbd7 14. Ng3 Nc5 15. Bc2 c6 16. b4 Ncd7 17. dxc6 Bxc6 18. Bb3 h6 19. Nh2 a5 20. a3 Nb6
21. Ng4 Bd7 22. Qf3 Bxg4 23. hxg4 axb4 24. cxb4 d5 25. g5 hxg5 26. Bxg5 d4 27. Rec1 Qd6 28. Nf5 Qd8 29. Nh6+ Kh7 30. Nxf7
1-0

[Event "Transcendent Classic II"]
[Site "SchemingMind.com"]
[Date "2014.06.29"]
[Round "-"]
[White "Transcendent"]
[Black "Brian Pott"]
[Result "0-1"]
[WhiteCountry "ENG"]
[BlackCountry "AUS"]
[WhiteElo "1583"]
[WhiteRD "66"]
[BlackElo "2198"]
[BlackRD "78"]
[GameID "360652"]

1. d4 Nf6 2. c4 g6 3. g3 Bg7 4. Bg2 O-O 5. Nc3 d6 6. Nf3 Nbd7 7. O-O e5 8. e4 c6 9. Re1 exd4 10. Nxd4 Re8
11. Qc2 Ne5 12. b3 Qc7 13. Bb2 Ned7 14. Rad1 Nc5 15. f3 a6 16. b4 Ne6 17. Nxe6 Bxe6 18. Na4 b5 19. cxb5 axb5 20. Nc3 Bxa2
21. Nxb5 Qb6+ 22. Nd4 c5 23. bxc5 dxc5 24. Ne2 Bb3 25. Qc3 Bxd1 26. Rxd1 Nh5 27. e5 Bxe5 28. Qxe5 Rxe5 29. Bxe5 Re8
0-1

[Event "Transcendent Classic II"]
[Site "SchemingMind.com"]
[Date "2014.06.28"]
[Round "-"]
[White "Brian Pott"]
[Black "Transcendent"]
[Result "1-0"]
[WhiteCountry "AUS"]
[BlackCountry "ENG"]
[WhiteElo "2198"]
[WhiteRD "78"]
[BlackElo "1583"]
[BlackRD "66"]
[GameID "360653"]

1. e4 e6 2. d4 d5 3. Nd2 Nf6 4. e5 Nfd7 5. Bd3 c5 6. c3 Nc6 7. Ne2 cxd4 8. cxd4 f6 9. exf6 Nxf6 10. O-O Bd6
11. Nf3 O-O 12. Bf4 Nh5 13. Bxd6 Qxd6 14. Re1 Nf4 15. Nxf4 Rxf4 16. Rc1 Bd7 17. g3 Rf6 18. Ne5 Raf8 19. f4 Kh8 20. Bb5 a6
21. Bxc6 Bxc6 22. Qb3 g5 23. fxg5 Rf5 24. Qe3 Be8 25. Rc8 Bb5 26. Rec1 Bc6 27. g4 Rxc8 28. gxf5 Qe7 29. f6 Qe8 30. g6 hxg6
31. Qh6+
1-0

[Event "Transcendent Classic II"]
[Site "SchemingMind.com"]
[Date "2014.06.29"]
[Round "-"]
[White "ray winteringham"]
[Black "Brian Pott"]
[Result "0-1"]
[WhiteCountry "ENG"]
[BlackCountry "AUS"]
[WhiteElo "1516"]
[WhiteRD "51"]
[BlackElo "2227"]
[BlackRD "74"]
[GameID "360654"]

1. d4 Nf6 2. Nc3 d5 3. Nf3 g6 4. Bf4 Bg7 5. e3 O-O 6. Bd3 c6 7. Na4 Bg4 8. h3 Bxf3 9. Qxf3 Nbd7 10. O-O Re8
11. Rac1 e5 12. dxe5 Nxe5 13. b3 Nxf3+ 14. gxf3 Nh5 15. Bh2 d4 16. Nc5 Qg5+ 17. Kh1 Qxc5 18. e4 Be5 19. Rg1 Bxh2 20. Kxh2 Qe5+
21. Kh1 Qf6 22. Be2 Nf4 23. Bf1 Nxh3 24. Bxh3 Qxf3+ 25. Rg2 Qxh3+ 26. Rh2 Qf3+ 27. Rg2 Rxe4 28. Kg1 Rae8
0-1

[Event "Transcendent Classic II"]
[Site "SchemingMind.com"]
[Date "2014.06.28"]
[Round "-"]
[White "Brian Pott"]
[Black "ray winteringham"]
[Result "1-0"]
[WhiteCountry "AUS"]
[BlackCountry "ENG"]
[WhiteElo "2219"]
[WhiteRD "71"]
[BlackElo "1489"]
[BlackRD "52"]
[GameID "360655"]

1. e4 e5 2. Nf3 Nc6 3. Bc4 h6 4. d4 exd4 5. c3 Be7 6. Qb3 Bf6 7. Bxf7+ Ke7 8. O-O d6 9. Bh5 Kd7 10. cxd4 b6
11. e5 Be7 12. e6#
1-0

[Event "Transcendent Classic II"]
[Site "SchemingMind.com"]
[Date "2014.06.28"]
[Round "-"]
[White "Chessibelle"]
[Black "Brian Pott"]
[Result "0-1"]
[WhiteCountry "ENG"]
[BlackCountry "AUS"]
[WhiteElo "1263"]
[WhiteRD "60"]
[BlackElo "2219"]
[BlackRD "71"]
[GameID "360656"]

1. Nf3 Nf6 2. d4 g6 3. e3 d5 4. Nc3 Bg7 5. Bd2 O-O 6. Bd3 Nc6 7. e4 dxe4 8. Nxe4 Nxd4 9. c3 Nb3 10. Qxb3 Qxd3
11. Nc5 Qf5 12. Qa3 b6 13. Nb3 Bb7 14. Nbd4 Qe4+ 15. Ne2 Rfd8 16. Rd1 c5 17. b3 Rd3 18. Qb2 Rad8 19. O-O Rxf3 20. Rde1 Qc6
21. Rd1 Ng4 22. Qc2 Rxc3 23. Nxc3 Qxg2#
0-1